000 00283nam a22001337a 4500
008 171011b xxu||||| |||| 00| 0 eng d
020 _a0070550700
041 _aeng
080 _22ND
_a316
100 _a50
101 _aSOC
245 _aSOCIOLOGY
_cSCHAEFER,R.T
942 _2udc
_cBK
999 _c33134
_d33134